[Event "Dubai op 19th"]
[Site "Dubai"]
[Date "2017.04.03"]
[Round "1"]
[White "Gangozo, Rolando F"]
[Black "Gupta, Abhijeet"]
[Result "0-1"]
[WhiteElo "2124"]
[BlackElo "2607"]
[PlyCount "60"]
[EventDate "2017.04.03"]
[EventType "swiss"]
[EventRounds "9"]
[EventCountry "UAE"]
[SourceTitle "CBM 177 Extra"]
[Source "ChessBase"]
[SourceDate "2017.04.27"]
[SourceVersion "1"]
[SourceVersionDate "2017.04.27"]
[SourceQuality "1"]

1. d4 Nf6 2. Nf3 e6 3. g3 c5 4. Bg2 cxd4 5. Nxd4 d5 6. c4 e5 7. Nf3 d4 8. 0-0 Nc6 9. Bg5 Be7 10. Nbd2 0-0 11. Qc2 Be6 12. a3 Rc8 13. b4 a6 14. Bxf6 Bxf6 15. Rac1 g6 16. Rfd1 Bg7 17. c5 f5 18. h4 h6 19. Nc4 e4 20. Nfd2 d3 21. exd3 Nd4 22. Qb1 Ne2+ 23. Kf1 Nxc1 24. Rxc1 f4 25. gxf4 Rxf4 26. Nxe4 Qxh4 27. Rc2 Rcf8 28. Qe1 Bd4 29. f3 Bxc4 30. Rxc4 Rxf3+ 0-1